| 000 | 00379nam a22001217a 4500 | ||
|---|---|---|---|
| 008 | 190312b xxu||||| |||| 00| 0 eng d | ||
| 041 | _aeng | ||
| 080 | _a043.3 | ||
| 100 | _a0 | ||
| 101 | _aSHKI-BA | ||
| 245 |
_aKrahasimi statistikor i performancës së një "Genetic Algorithm" dhe "Simulated Annealing" në zgjidhjen e problemeve të optimizimit _cMorina,V |
||
| 942 |
_2udc _cBK |
||
| 999 |
_c54717 _d54717 |
||